Economics 19th/Ed (Record no. 314143)
[ view plain ]
| 000 -LEADER | |
|---|---|
| fixed length control field | 00485 a2200181 4500 |
| 001 - CONTROL NUMBER | |
| control field | 79070 |
| 020 ## - INTERNATIONAL STANDARD BOOK NUMBER | |
| International Standard Book Number | 9780071263832 |
| 082 ## - DEWEY DECIMAL CLASSIFICATION NUMBER | |
| Classification number | 330 SAM |
| 090 ## - LOCALLY ASSIGNED LC-TYPE CALL NUMBER (OCLC); LOCAL CALL NUMBER (RLIN) | |
| -- | 39554 |
| -- | 39554 |
| 100 ## - MAIN ENTRY--PERSONAL NAME | |
| Personal name | Paul A Samuelson : William D Nordhaus |
| 245 ## - TITLE STATEMENT | |
| Title | Economics 19th/Ed |
| Statement of responsibility, etc. | Paul A Samuelson : William D Nordhaus |
| Medium | English |
| 250 ## - EDITION STATEMENT | |
| Edition statement | 19 th |
| 260 ## - PUBLICATION, DISTRIBUTION, ETC. | |
| Place of publication, distribution, etc. | Singapore |
| Name of publisher, distributor, etc. | McGraw Hill |
| Date of publication, distribution, etc. | 2010 |
| 300 ## - PHYSICAL DESCRIPTION | |
| Extent | xxiv 720 p |
| 500 ## - GENERAL NOTE | |
| General note | DOS BS Reference Books |
| 505 ## - FORMATTED CONTENTS NOTE | |
| Formatted contents note | AHQ Books |
| 600 ## - SUBJECT ADDED ENTRY--PERSONAL NAME | |
| Personal name | Ecomomics |
| 942 ## - ADDED ENTRY ELEMENTS (KOHA) | |
| Institution code [OBSOLETE] | caenust |
| Call number prefix | 330 SAM |
| Koha item type | |
| Withdrawn status | Lost status | Damaged status | Not for loan | Collection code | Permanent Location | Current Location | Date acquired | Total Checkouts | Full call number | Barcode | Date last seen | Price effective from | Koha item type |
|---|---|---|---|---|---|---|---|---|---|---|---|---|---|
| College of Aeronautical Engineering (CAE) | College of Aeronautical Engineering (CAE) | 04/03/2017 | 330 SAM | CAE82163 | 04/05/2017 | 04/05/2017 | Book |
